| 000 | 00514nam a2200205Ia 4500 | ||
|---|---|---|---|
| 003 | OSt | ||
| 005 | 20220531114655.0 | ||
| 008 | 210719s2015 xx 000 0 und d | ||
| 040 | _cAL | ||
| 041 | _aeng | ||
| 082 | _a346.07 RAMC | ||
| 100 |
_aRAMAN (B S) _939651 |
||
| 245 | _aCommercial law III Sem BBM | ||
| 260 |
_aMangalore _bUnited Publishers _c2015 |
||
| 300 |
_a276 _bPB |
||
| 365 |
_b140 _cRs |
||
| 650 |
_aMercantile Law _939652 |
||
| 906 | _aBBM ; Commercial ; III ; law: ; Sem | ||
| 942 |
_2ddc _cBK |
||
| 999 |
_c215717 _d215717 |
||